000 00422nam a2200205Ia 4500
001 000915
003 YMCAF
005 20230512160039.0
008 100717s1971 ||||||||||||||||| ||und|d
024 _a915
035 _a897
040 _aYMCAF
_beng
_cIN-KoLT
041 _aeng
082 _aFIV-SHA
100 _aSHAFFER PETRE
245 0 _aFIVE FINGER EXCERCISE
260 _c1971
300 _a96
942 _2ddc
_cBK
999 _c722
_d722